000 01474 a2200253 4500
001 29646
005 20260407155606.0
008 260407a1964 arg spa d
003 AR-UNSa-BCEJYS
040 _aAR-UNSa-BCEJYS
_bspa
_cAR-UNSa-BCEJYS
080 _a519.86
_xTeoría de modelos económico-matemáticos
245 1 0 _aProgramación lineal y análisis económico
250 _a2a. ed.
264 1 _aMadrid :
_bAguilar
_c1964
300 _axxiii, 572 p.
_c22 cm.
505 _a1. Introducción - 2. Conceptos básicos de programación lineal - 3. El problema de valoración; soluciones de mercado - 4. El álgebra de la programación lineal - 5. El problema de transporte - 6. Análisis de las empresas mediante la programación lineal - 7. Aplicación a la empresa; valoración y la dualidad - 8. Programación no lineal - 9. El sistema estático de Leontief - 10. El sistema de Leontief estático (continuación) - 11. Aspectos dinámicos de modelos lineales - 12. Programas eficientes de acumulación de capital - 13. La programación lineal y la teoría de equilibrio general - 14. La programación lineal y la economía del bienestar - 15. Elementos de la teoría de juegos - 16. Interrelaciones entre la programación lineal y la teoría de juegos
041 _aspa
942 _cBK
590 _aniveau_biblio:m niveau_hierar:0
100 1 _aSamuelson, Paul A.
700 1 _aDorfman, Robert
700 1 _aCalleja, Anselmo
700 1 _aSolow, Robert M.
999 _c1925
_d1925